| 000 | 00571nam a2200205Ia 4500 | ||
|---|---|---|---|
| 005 | 20250923145654.0 | ||
| 008 | 008 250917s9999 xx 000 0 eng d | ||
| 037 | _aTextual | ||
| 040 |
_aDSWL _beng _cDSWL |
||
| 041 |
_aeng _2eng |
||
| 084 |
_aV2-3:17' M, N59 _qDSWL |
||
| 100 |
_aStokes, E. _9837783 |
||
| 245 | 4 |
_aThe English Utilitarians and India _c by E. Stokes |
|
| 260 |
_aDelhi _bOxford _c1959 |
||
| 300 | _axvi,350 p. | ||
| 365 |
_aINR _b58.50 |
||
| 925 | _g58.50 | ||
| 942 |
_cTEXL _hV2-3:17' M, N59 |
||
| 999 |
_c1454187 _d1454187 |
||